[Event "Championnat des Vétérans 13"]
[Site "AUBAGNE Salle Hélios"]
[Date "2022.05.05"]
[Round "2.13"]
[White "Graells, Christian"]
[Black "Salvi, Angele"]
[Result "1-0"]
[WhiteElo "1342"]
[BlackElo "1199"]
[PlyCount "99"]
[EventDate "2022.??.??"]
[WhiteTeam "Club d'Echecs de Meyreuil"]
[BlackTeam "La Ciotat Echecs (LCE)"]

1. e4 c5 2. Nf3 e6 3. d4 cxd4 4. Nxd4 Be7 5. Bd3 Nf6 6. O-O O-O 7. Nd2 e5 8.
N4f3 Nc6 9. c3 Re8 10. Nc4 d5 11. exd5 Qxd5 12. Ne3 Qc5 13. Nd2 Bd8 14. Qc2 Bc7
15. b4 Nxb4 16. cxb4 Qxc2 17. Bxc2 Bd7 18. Bb2 Bb5 19. Rfc1 Rad8 20. Nb3 Nd5
21. Nxd5 Rxd5 22. Bxh7+ Kxh7 23. Rxc7 Bc6 24. h3 Kg6 25. Na5 Rd2 26. Bc3 Rd3
27. Rc1 Bd5 28. Nxb7 Bxa2 29. Rc6+ f6 30. Nc5 Rdd8 31. Ra6 Ra8 32. Rxa2 Kf5 33.
Bd2 Reb8 34. g4+ Kg6 35. h4 Kf7 36. Ne4 Ke6 37. Ra6+ Kd5 38. Nc3+ Kd4 39. Rd6+
Kc4 40. Ne4+ Kb3 41. Rd3+ Kb2 42. Rc4 Ka2 43. Rc2+ Kb1 44. Rdc3 Rxb4 45. f3
Rab8 46. Rc1+ Ka2 47. Rc7 Ra4 48. Nc3+ Kb3 49. Nxa4 Kxa4 50. Rxa7+ 1-0

[Event "Championnat des Vétérans 13"]
[Site "AUBAGNE Salle Hélios"]
[Date "2022.05.05"]
[Round "2.14"]
[White "Pouliquen, Gilbert"]
[Black "Cotton, Paul"]
[Result "1-0"]
[WhiteElo "1196"]
[BlackElo "1323"]
[PlyCount "79"]
[EventDate "2022.??.??"]
[WhiteTeam "Echiquier Marseillais 1872"]
[BlackTeam "Cercle d'Echecs Aubagnais"]

1. e4 c5 2. c3 Nc6 3. d4 cxd4 4. cxd4 g6 5. Nf3 Bg7 6. Nc3 d6 7. Bb5 Bd7 8. O-O
a6 9. Ba4 b5 10. Bb3 Nf6 11. h3 b4 12. e5 bxc3 13. exf6 Bxf6 14. bxc3 O-O 15.
Bg5 Bg7 16. Qd2 Na5 17. Rfe1 Re8 18. Re2 Nxb3 19. axb3 Be6 20. b4 Bc4 21. Ree1
Qd7 22. d5 Qb7 23. Ra5 Rac8 24. Re4 Bb5 25. Ra3 Bc4 26. Ra5 f6 27. Bf4 f5 28.
Re3 h6 29. Re6 Bb5 30. Rxg6 Kh7 31. Rxg7+ Kxg7 32. Qd4+ Kh7 33. Nh4 Bd7 34. Qd2
h5 35. Qe2 e5 36. Qxh5+ Kg8 37. Qg6+ Kf8 38. Bh6+ Ke7 39. Qg5+ Kf7 40. Qg7# 1-0

[Event "Championnat des Vétérans 13"]
[Site "AUBAGNE Salle Hélios"]
[Date "2022.05.05"]
[Round "2.15"]
[White "Roux, Jean-Marie"]
[Black "Celan, Stanislas"]
[Result "1-0"]
[WhiteElo "1272"]
[BlackElo "1152"]
[PlyCount "83"]
[EventDate "2022.??.??"]
[WhiteTeam "L'Echiquier du Roy René"]
[BlackTeam "Sanary Echecs"]

1. e4 e6 2. Nf3 d5 3. e5 Nc6 4. d4 Bd7 5. Nc3 Bb4 6. Bd2 Nge7 7. Bd3 O-O 8. Qe2
Ng6 9. a3 Ba5 10. h4 Bb6 11. Be3 a6 12. O-O-O Re8 13. Kb1 Rc8 14. Bxg6 hxg6 15.
h5 Ne7 16. hxg6 fxg6 17. Ng5 Nf5 18. f4 Ng3 19. Qf3 Nxh1 20. Rxh1 Kf8 21. Qh3
Ke7 22. Qh7 Rg8 23. Qxg6 Qe8 24. Qd3 c5 25. f5 exf5 26. Nxd5+ Kd8 27. Nxb6 c4
28. Qd2 Rc6 29. Nd5 b6 30. Nf4 Rh6 31. Rf1 Rgh8 32. e6 Bxe6 33. Nfxe6+ Rxe6 34.
Nxe6+ Qxe6 35. d5 Qd6 36. Rxf5 Rh1+ 37. Ka2 Qd7 38. Bxb6+ Kc8 39. Qf4 Rh8 40.
Rf7 Rh4 41. Rf8+ Kb7 42. Qb8# 1-0